<?xml version="1.0" encoding="UTF-8"?>
<collection xmlns:xsi="http://www.w3.org/2001/XMLSchema-instance" xsi:schemaLocation="http://www.loc.gov/MARC21/slim http://www.loc.gov/standards/marcxml/schema/MARC21slim.xsd" xmlns="http://www.loc.gov/MARC21/slim">
 <record>
  <leader>00000ctm a22000003i 4500</leader>
  <controlfield tag="001">UP-99796217611778615</controlfield>
  <controlfield tag="003">Buklod</controlfield>
  <controlfield tag="005">20150917114420.0</controlfield>
  <controlfield tag="006">m    |o  d |      </controlfield>
  <controlfield tag="007">ta</controlfield>
  <controlfield tag="008">150917s2015    xx     d     r    |||| u|</controlfield>
  <datafield tag="035" ind1=" " ind2=" ">
   <subfield code="a">(iLib)UPD-00249807057</subfield>
  </datafield>
  <datafield tag="040" ind1=" " ind2=" ">
   <subfield code="a">DENG</subfield>
   <subfield code="e">rda</subfield>
  </datafield>
  <datafield tag="041" ind1=" " ind2=" ">
   <subfield code="a">eng</subfield>
  </datafield>
  <datafield tag="090" ind1=" " ind2=" ">
   <subfield code="a">LG 995 2015 E653</subfield>
   <subfield code="b">S86</subfield>
  </datafield>
  <datafield tag="100" ind1="1" ind2=" ">
   <subfield code="a">Sunga, Jon Errol L.</subfield>
   <subfield code="e">author</subfield>
  </datafield>
  <datafield tag="245" ind1="1" ind2="0">
   <subfield code="a">Anaerobic co-digestion of sugar industry press mud and raw wastewater</subfield>
   <subfield code="b">effect of mixture composition and amount of inoculum on methane production and waste treatment performance</subfield>
   <subfield code="c">thesis by Jon Errol L. Sunga ; Analiza P. Rollon, adviser.</subfield>
  </datafield>
  <datafield tag="264" ind1=" " ind2="1">
   <subfield code="a">Quezon City</subfield>
   <subfield code="b">College of Engineering, University of the Philippines Diliman</subfield>
   <subfield code="c">2015.</subfield>
  </datafield>
  <datafield tag="300" ind1=" " ind2=" ">
   <subfield code="a">xii, 94 leaves</subfield>
   <subfield code="b">illustrations</subfield>
   <subfield code="c">28 cm.</subfield>
  </datafield>
  <datafield tag="336" ind1=" " ind2=" ">
   <subfield code="a">text</subfield>
   <subfield code="2">rdacontent</subfield>
  </datafield>
  <datafield tag="337" ind1=" " ind2=" ">
   <subfield code="a">unmediated</subfield>
   <subfield code="2">rdamedia</subfield>
  </datafield>
  <datafield tag="338" ind1=" " ind2=" ">
   <subfield code="a">volume</subfield>
   <subfield code="2">rdacarrier</subfield>
  </datafield>
  <datafield tag="502" ind1=" " ind2=" ">
   <subfield code="a">Thesis (M.S. in Environmental Engineering)--University of the Philippines Diliman</subfield>
   <subfield code="d">June 2015.</subfield>
  </datafield>
  <datafield tag="506" ind1=" " ind2=" ">
   <subfield code="a">Available to the general public.</subfield>
  </datafield>
  <datafield tag="520" ind1="3" ind2=" ">
   <subfield code="a">Two of the wastes generated by the sugar industry are press mud (PM) and raw wastewater (RW). The disposal of the former into the fields and the biogas generated from the anaerobic treatment of the latter left uncollected pose negative environmental effects. Anaerobic co-digestion is a treatment process wherein two or more substrates are simultaneously digested. The use of PM and RW as co-substrates for co-digestion with biogas collection system can reduce or prevent both the disposal of untreated PM and the emission of greenhouse gases into the atmosphere. Thus, in this study, the potential of PM and RW as co-substrates for anaerobic co-digestion was investigated. The effects of varying PM:RW mixtures (Pure RW, PM:RW (0:100,30:70, 50:50, 70:30, 100:0) on their characteristics, methane production and yield, and COD and solids removal were investigated using simple batch reactors. The results showed that pH and COD levels, solids content, and methane production, except for methane yield, increased with increased amount of PM. The highest cumulative methane production was obtained from PM:RW100:0) (5,565 mL CH4) while the highest methane yield was obtained from pure RW (121.58 mL CH4/g VS or 0.169 mL CH4/CH4 equivalent of initial TCOD). Among the co-digesting mixtures, PM:RW (30:70) gave the highest potential methane production (PMP). Calculations show that even if the actual industry ratio deviates from co-digesting ratios, co-digestion plus separate treatment of excess co-substrate will yield higher PMP compared to that of separate digestion. The pH level stabilized faster and methane increased by 15-20% when greater amount of inoculum is added.</subfield>
  </datafield>
  <datafield tag="650" ind1=" " ind2="0">
   <subfield code="a">Factory and trade waste</subfield>
   <subfield code="x">Purification.</subfield>
  </datafield>
  <datafield tag="650" ind1=" " ind2="0">
   <subfield code="a">Sewage</subfield>
   <subfield code="x">Purification</subfield>
   <subfield code="x">Anaerobic treatment.</subfield>
  </datafield>
  <datafield tag="700" ind1="1" ind2=" ">
   <subfield code="a">Rollon, Analiza P.</subfield>
   <subfield code="e">adviser.</subfield>
  </datafield>
  <datafield tag="905" ind1=" " ind2=" ">
   <subfield code="a">FI</subfield>
  </datafield>
  <datafield tag="852" ind1="0" ind2=" ">
   <subfield code="a">UPD</subfield>
   <subfield code="b">DENG-II</subfield>
   <subfield code="h">LG 995 2015 E653</subfield>
   <subfield code="i">S86</subfield>
  </datafield>
  <datafield tag="942" ind1=" " ind2=" ">
   <subfield code="a">Thesis</subfield>
  </datafield>
 </record>
</collection>
